First line of Adele songs - Statistics

General Stats
  • This quiz has been taken 22 times
  • The average score is 12 of 30
Answer Stats
First line Song % Correct
Hello, it's me Hello
100%
There's a fire starting in my heart Rolling in the Deep
89%
I let it fall, my heart Set Fire to the Rain
78%
This is the end Skyfall
67%
There ain't no gold in this river Easy On Me
61%
I heard that you're settled down Someone Like You
61%
I've made up my mind Chasing Pavements
56%
Daydreamer, sitting on the sea Daydreamer
50%
I've been walking in the same way as I did Hometown Glory
50%
She, she ain't real Rumour Has It
44%
Everybody loves the things you do When We Were Young
44%
How can one become so bounded by choices that somebody else makes I Drink Wine
39%
When the rain is blowing in your face Make You Feel My Love
39%
I will leave my heart at the door All I Ask
33%
Take your eyes off of me so I can leave Love in the Dark
33%
You've been on my mind One and Only
33%
Close enough to start a war Turning Tables
33%
When will I see you again? Don't You Remember
28%
I ain't got too much time to spare Oh My God
28%
Who wants to be right as rain? Right as Rain
28%
Didn't I give it all? Tried my best Take it All
28%
If you're not the one for me Water Under the Bridge
28%
Whenever I'm alone with you Lovesong
22%
This was all you, none of it me Send My Love (To Your New Lover)
22%
You say it's all in my head Cold Shoulder
17%
Found myself today singin' out loud your name Crazy for You
11%
Turn down the lights I Can't Make You Love Me
11%
You said I'm stubborn and I never give in My Same
11%
I built a house for a love to grow To Be Loved
11%
Hold me closer one more time I'll be Waiting
6%
No matching quizzes found
Score Distribution
Percent of People with Each Score
Percentile by Number Answered
Your Score History
You have not taken this quiz